000 00630nam a22002057a 4500
005 20251108164217.0
008 250721s2008 xx 000 0 ara d
082 1 4 _a956.0664/محا
100 1 _aمحاسنة، محمد حسين
245 1 0 _aتاريخ دمشق في العصر الفاطمي /
264 1 _aدمشق :
_bدار صفحات،
_c2008.
300 _a279ص.
650 1 7 _aالفاطميون (1171-909)
650 1 7 _aالتاريخ الاسلامي
650 1 7 _aتاريخ سوريه
653 _aتاريخ دمشق
700 1 _aالحايك، منذر
_eمراجع
942 _2ddc
_cBK
999 _c6430
_d6430